000 00507nam a2200181Ia 4500
003 GCL
008 140319s9999 xx 000 0 ara d
040 _aGCL /
_cGCL
082 0 4 _a913.03
_bف د
100 1 _aفهمى توفيق مقبل
245 1 0 _aدور العرب فى اكتشاف /
_cفهمى توفيق مقبل
300 _a149 ص
490 _a
650 0 4 _aالجغرافيا البشرية
650 0 4 _aالكشوف الجغرافية
650 0 4 _aكولومبوس
942 _2ddc
_cBK
999 _c39764
_d39764